| 000 | 00993nam a22003017a 4500 | ||
|---|---|---|---|
| 003 | CHAP | ||
| 005 | 20220329143456.0 | ||
| 008 | 091208s1996 mx r 00010 spa d | ||
| 010 | _a97213 | ||
| 011 | _a98185 | ||
| 035 | _a108868 | ||
| 040 | _cCHAP | ||
| 090 | _aFolleto 17468 | ||
| 100 | 0 | 0 |
_aMendoza Robles, José Luis. _974730 |
| 245 | 1 | 0 |
_aTecnología para producir maíz en los sistemas agrícolas del Valle del Fuerte _c/por José Luis Mendoza Robles |
| 260 |
_aCuliacán, Sin. : _bINIFAP, Campo Experimental Valle del Fuerte, _c1996 |
||
| 300 | _a24 p. | ||
| 590 |
_aBATCH-UPD _b10 _c20130110 _lUCH01 _h1721 |
||
| 590 |
_aBATCH-UPD _b10 _c20130410 _lUCH01 _h1105 |
||
| 590 |
_aBATCH-UPD _b10 _c20130914 _lUCH01 _h1756 |
||
| 590 |
_aCONVERSION _b10 _c20130109 _lUCH01 _h1354 |
||
| 650 | 0 | 4 |
_aMaíz _xProducción. _971041 |
| 650 | 1 | 4 |
_aMaíz _xSinaloa. _971062 |
| 901 | _aBK | ||
| 911 | _aen proceso | ||
| 942 | _cFOLL | ||
| 949 |
_aFolleto 17468 _bBC _cFOLL _d33724002124314 _eTS1 _i108868 _sb |
||
| 999 |
_c97213 _d97213 |
||